000 00312nam a22001337a 4500
020 _a9789380428239
082 _a630.1
_bKAL/OB
100 _aKale, M.U
245 _aObjective agricultural engineering
260 _aDelhi
_bNarendra Publishing House
_c2011
300 _a104
700 _aSupe, M.S
942 _cBK
999 _c13679
_d13679